Datum a čas kvízu
35.5
Celkem bodů
Celkový počet nahraných bodů na tomto kvízu bez doplňovacích otázek.
7.
Pořadí na kvízu
Konečné umístění týmu na tomto kvízu.
Zaznamenané odpovědi
| # | Otázka | Odpověď | Body | Výsledky |
|---|---|---|---|---|
| 1. | Jakou přezdívku si vysloužilo... | Varle | 0 | |
| 2. | Vydavatelství Oxford Universit... | C | 1 | |
| 3. | Spousta z vás si jistě minulý... | Bad Bunny | 1 | |
| 4. | Stovky vozidel jedné evropské... | Porsche | 0 | |
| 5. | Finiš dostihu v Otaki na Novém... | D) žokeje vyhodil ze sedla hlavou soupeřův kůň | 1 | |
| 6. | Jak jinak začít toto téma, než... | žlutý trpaslík | 0 | |
| 7. | Další otázku věnujme Zemi. Jed... | 6378 km | 0 | |
| 8. | Nyní se podíváme na planety, c... | Merkur; Venuše | 0.5 | |
| 9. | Na řadě je rychlost planet. Co... | B | 1 | |
| 10. | Přiřaďte názvy těchto čtyř pla... | 1B; 2D; 3C; 4A | 0 |